Fiškálna udržateľnosť penzijných systémov
Teoretické východiská a názory významných ekonomických autorít o transformácii na fondový či kombinovaný penzijný systém. Definícia podmienok a faktorov fiškálnej udržateľnosti verejnej časti penzijných systémov v podobe udržateľného dlhu. Výsledky simulácie fiškálnej udržateľnosti PAYG piliera v zá...
Enregistré dans:
| Auteur principal: | |
|---|---|
| Autres auteurs: | , |
| Format: | Chapitre de livre |
| Langue: | slovaque |
| Sujets: | |
| Tags: |
Pas de tags, Soyez le premier à ajouter un tag!
|
MARC
| LEADER | 00000naa a2200000 4500 | ||
|---|---|---|---|
| 001 | 0146406 | ||
| 005 | 20240502083337.5 | ||
| 041 | 0 | |a slo | |
| 044 | |a CZ | ||
| 245 | 1 | 0 | |a Fiškálna udržateľnosť penzijných systémov |c Rudolf Sivák, Pavol Ochotnický, Andrea Čambalová |
| 520 | |a Teoretické východiská a názory významných ekonomických autorít o transformácii na fondový či kombinovaný penzijný systém. Definícia podmienok a faktorov fiškálnej udržateľnosti verejnej časti penzijných systémov v podobe udržateľného dlhu. Výsledky simulácie fiškálnej udržateľnosti PAYG piliera v závislosti na jeho robustnosti, a to na podmienky SR. | ||
| 610 | 2 | 0 | |a politika fiškálna |
| 610 | 2 | 0 | |a teórie ekonomické |
| 610 | 2 | 0 | |a rovnováha hospodárska |
| 610 | 2 | 0 | |a fondy penzijné |
| 610 | 2 | 0 | |a reformy dôchodkové |
| 610 | 2 | 0 | |a Slovensko |
| 610 | 2 | 0 | |a dôchodky starobné |
| 100 | 1 | |a Sivák, Rudolf, 1955- | |
| 700 | 1 | |a Ochotnický, Pavol | |
| 700 | 1 | |a Čambalová, Andrea | |